000
00279nam a22001217a 4500
008
230620b xxu||||| |||| 00| 0 eng d
082
_a
324.64
_b
ECK
100
_c
ECK
245
_a
Towards Free and Fair Elections
260
_a
Kenya
_b
ECK
_c
1999
300
_a
60p
942
_2
ddc
_c
BK
999
_c
1737
_d
1737